000 00522nam a2200193Ia 4500
005 20221119115507.0
008 131103s9999 xx 000 0 und d
040 _aLoreto College
041 _aEnglish
082 _a954.03
_bMOS
100 _aMosley,Leonard
245 4 _aThe Last days of the British Raj
_cLeonard Mosley
260 _aBombay
_bJaico Publishing House
_c1971
300 _aviii,291 p.
_b illus
504 _aIncludes bibliography
650 _aIndian Modern History
850 _aLCLIB
942 _cBK
999 _c9853
_d60332